Statistics for 2012 Denver Nuggets Roster

Click here to take the quiz!

General Stats

  • This quiz has been taken 214 times
  • The average score is 8 of 17

Answer Stats

Answer % Correct
Ty Lawson
93%
Danilo Gallinari
75%
Kenneth Faried
74%
JaVale McGee
65%
Andre Miller
63%
Wilson Chandler
62%
Timofey Mozgov
54%
Nenê
52%
Arron Afflalo
48%
Kosta Koufos
42%
Corey Brewer
37%
Al Harrington
33%
Jordan Hamilton
25%
Chris Andersen
24%
Rudy Fernández
22%
Julyan Stone
16%
DeMarre Carroll
6%

Score Distribution

Percentile by Number Answered

Percent of People with Each Score

Your Score History

You have not taken this quiz